Erkenne die Politiker 1 (Deutschland) - Statistiken

Allgemein
  • Dieses Quiz wurde 3.879 mal gespielt
  • Das Durchschnittsergebnis liegt bei 11 aus 20
Antwortstatistiken
Bildquiz Antwort % Korrekt
Karl Lauterbach
93%
Sahra Wagenknecht
92%
Jens Spahn
85%
Alice Weidel
84%
Philipp Amthor
84%
Björn Höcke
79%
Cem Özdemir
76%
Anton Hofreiter
67%
Wolfgang Kubicki
64%
Andreas Scheuer
56%
Kevin Kühnert
55%
Heiko Maas
47%
Andrea Nahles
43%
Bodo Ramelow
37%
Jürgen Trittin
37%
Dietmar Bartsch
27%
Katarina Barley
23%
Katja Kipping
22%
Gottfried Curio
13%
Linda Teuteberg
12%
Keine übereinstimmenden Quizze gefunden
Verteilung der Resultate
Anzahl Personen mit jedem Resultat
Perzentil nach korrekt beantworteten Fragen
Ihre Resultats-Entwicklung
Sie haben dieses Quiz noch nicht gespielt